A book of abstract algebra /

Bibliographische Detailangaben
1. Verfasser: Pinter, Charles C., 1932-
Format: Buch
Sprache:English
Veröffentlicht: Mineola, N.Y. : Dover Publications, 1990, 2010
Ausgabe:Second edition.
Schriftenreihe:Dover books on mathematics
Schlagworte:
Classic Catalogue: View this record in Classic Catalogue
LEADER 03303nam a2200409 a 4500
001 45233
003 BD-DhAAL
005 20251222160428.0
008 090706t20101990nyua b 001 0 eng
010 |a  2009026228 
020 |a 9780486474175 
020 |a 0486474178 
035 |a 15804390 
040 |a DLC  |c DLC  |d DLC  |d BD-DhAAL 
050 0 0 |a QA162  |b .P56 2010 
082 0 0 |a 512.02  |2 22 
100 1 |a Pinter, Charles C.,  |d 1932-  |9 59975 
245 1 2 |a A book of abstract algebra /  |c Charles C. Pinter. 
250 |a Second edition. 
260 |a Mineola, N.Y. :  |b Dover Publications,  |c 1990, 2010 
300 |a xiv, 384 pages :  |b illustrations ;  |c 22 cm 
490 0 |a Dover books on mathematics 
500 |a Originally published: Dover edition. New York : McGraw-Hill, 2010. 
504 |a Includes bibliographical references and index. 
526 8 |a MNS  |x Emon Hossain Lecturer Department of Mathematics and Natural Sciences Course Name and No.: Linear Algebra and Fourier Analysis(MAT216) 
541 1 |a Book finder International.  |e 45223, 45234, 45235, 45236, 45237 
650 0 |a Algebra, Abstract. 
650 0 |a Mathematics. 
830 0 |a Dover books on mathematics  |9 59976 
852 1 |a Ayesha Abed Library  |c General Stacks 
942 |2 ddc  |c BK 
999 |c 47664  |d 47664 
952 |0 0  |1 0  |2 ddc  |4 0  |6 512_020000000000000_PIN  |7 0  |9 78615  |a BRACUL  |b BRACUL  |c NEW  |d 2025-12-09  |e Book Finder International   |g 3204.00  |l 0  |o 512.02 PIN  |p 3010045234  |r 2025-12-09  |t 2  |v 6408.00  |w 2025-12-09  |y BK  |x Requisitioned by Emon Hossain (Lecturer, Department of Mathematics and Natural Sciences, BRAC University) for the course titled- Linear Algebra and Fourier Analysis(MAT216) 
952 |0 0  |1 0  |2 ddc  |4 0  |6 512_020000000000000_PIN  |7 0  |9 78616  |a BRACUL  |b BRACUL  |c GEN  |d 2025-12-09  |e Book Finder International   |g 3204.00  |l 1  |o 512.02 PIN  |p 3010045237  |q 2026-06-02  |r 2026-05-17  |s 2026-05-17  |t 5  |v 6408.00  |w 2025-12-09  |y BK  |x Requisitioned by Emon Hossain (Lecturer, Department of Mathematics and Natural Sciences, BRAC University) for the course titled- Linear Algebra and Fourier Analysis(MAT216) 
952 |0 0  |1 0  |2 ddc  |4 0  |6 512_020000000000000_PIN  |7 0  |9 78617  |a BRACUL  |b BRACUL  |c GEN  |d 2025-12-09  |e Book Finder International   |g 3204.00  |l 0  |o 512.02 PIN  |p 3010045236  |r 2025-12-09  |t 4  |v 6408.00  |w 2025-12-09  |y BK  |x Requisitioned by Emon Hossain (Lecturer, Department of Mathematics and Natural Sciences, BRAC University) for the course titled- Linear Algebra and Fourier Analysis(MAT216) 
952 |0 0  |1 0  |2 ddc  |4 0  |6 512_020000000000000_PIN  |7 0  |9 78618  |a BRACUL  |b BRACUL  |c CIR  |d 2025-12-09  |e Book Finder International   |g 3204.00  |l 0  |o 512.02 PIN  |p 3010045233  |r 2025-12-09  |t 1  |v 6408.00  |w 2025-12-09  |y 1HOUR  |x Requisitioned by Emon Hossain (Lecturer, Department of Mathematics and Natural Sciences, BRAC University) for the course titled- Linear Algebra and Fourier Analysis(MAT216); As instructed by the University Librarian, the book has been placed on a one-hour loan period following the receipt of five copies. 
952 |0 0  |1 0  |2 ddc  |4 0  |6 512_020000000000000_PIN  |7 0  |9 78619  |a BRACUL  |b BRACUL  |c GEN  |d 2025-12-09  |e Book Finder International   |g 3204.00  |l 0  |o 512.02 PIN  |p 3010045235  |r 2025-12-09  |t 3  |v 6408.00  |w 2025-12-09  |y BK  |x Requisitioned by Emon Hossain (Lecturer, Department of Mathematics and Natural Sciences, BRAC University) for the course titled- Linear Algebra and Fourier Analysis(MAT216)